| Tag |
First Indicator |
Second Indicator |
Subfields |
| LEADER |
00000nmm a22000001a 4500 |
| 001 |
in00004614821 |
| 006 |
m|||||o||m|||||||| |
| 007 |
cr|cn |||uuuuu |
| 008 |
221118s2014 xxu||||eo|||| ||||||eng d |
| 005 |
20221207214627.2 |
| 035 |
|
|
|a (TxWaIVM)IV45010ReSe
|
| 040 |
|
|
|a TxWaIVM
|c TxWaIVM
|
| 245 |
0 |
0 |
|a Serial Artist #3 /
|c powered by Library Pass.
|
| 260 |
3 |
|
|a [United States] :
|b Reliquum Publishing,
|c 2014.
|
| 300 |
|
|
|a 1 online resource.
|
| 336 |
|
|
|a text
|b txt
|2 rdacontent
|
| 337 |
|
|
|a computer
|b c
|2 rdamedia
|
| 338 |
|
|
|a online resource
|b cr
|2 rdacarrier
|
| 520 |
|
|
|a The sudden discovery of the remains of one of the Serial Artist's alleged victims has put him within arm's length of the Law. The special agent assigned to the investigation pursues a whole new line of inquiry... meanwhile his superiors set other events in motion for the Serial Artist. Previously published by Markosia.
|
| 521 |
|
|
|a 3
|
| 538 |
|
|
|a Requires a valid library card and registration for new users.
|
| 538 |
|
|
|a Mode of access: World Wide Web.
|
| 538 |
|
|
|a System requirements: Flash 10.1 or higher, Windows XP and higher, Internet Explorer 7 and higher, Firefox 3.6 and higher, Google Chrome; Max OS 10.5 and higher, Safari 4 and higher.
|
| 650 |
|
0 |
|a Comic books, strips, etc.
|
| 655 |
|
7 |
|a Electronic books.
|2 local
|
| 655 |
|
7 |
|a Comic books, strips, etc.
|2 gsafd
|
| 650 |
|
0 |
|a Detective and mystery comic books, strips, etc.
|
| 655 |
|
7 |
|a Detective and mystery comic books, strips, etc.
|2 gsafd
|
| 650 |
|
0 |
|a Comic books, strips, etc. --Fiction
|
| 655 |
|
7 |
|a Comic books, strips, etc. --Fiction
|2 gsafd
|
| 650 |
|
0 |
|a Horror comic books, strips, etc.
|
| 655 |
|
7 |
|a Horror comic books, strips, etc.
|2 gsafd
|
| 650 |
|
0 |
|a Suspense comic books, strips, etc.
|
| 655 |
|
7 |
|a Suspense comic books, strips, etc.
|2 gsafd
|
| 650 |
|
0 |
|a Philosophy/Psychology
|
| 655 |
|
7 |
|a Philosophy/Psychology
|2 gsafd
|
| 650 |
|
0 |
|a Comic books, strips, etc. --Political aspects
|
| 655 |
|
7 |
|a Comic books, strips, etc. --Political aspects
|2 gsafd
|
| 650 |
|
0 |
|a Thrillers
|
| 655 |
|
7 |
|a Thrillers
|2 gsafd
|
| 700 |
1 |
|
|a Randle, Robert.
|e writer.
|
| 700 |
1 |
|
|a Storm, Kevin.
|e artist.
|
| 710 |
2 |
|
|a Library Pass, LLC.
|
| 856 |
4 |
0 |
|u http://proxy.library.tamu.edu/login?url=https://tamu.librarypass.com/product/com.iversecomics.markosia.serial.artist.three.english.02112014
|z Connect to this electronic book (First time users create your free account)
|t 0
|
| 955 |
|
|
|a Comics Plus.
|
| 999 |
f |
f |
|s 5d79956c-09d5-4e98-b9d3-2c2bb7ba8da7
|i 25de71f6-d775-4f01-baea-71a5759eae96
|t 0
|
| 952 |
f |
f |
|a Texas A&M University
|b College Station
|c Electronic Resources
|d Available Online
|t 0
|h Library of Congress classification
|
| 998 |
f |
f |
|t 0
|l Available Online
|